00596nam a22001577a 4500999001900000020001600019082001100035100002800046245008500074260003800159300003000197942001300227650004200240700003100282952012500313 c533971d533971 qHard Cover. a660.01 aGillani, Syeda Wajeeha  aIn silico analysis of Tomato Leaf Curl New Delhi Virus /cSyeda Wajeeha Gillani. aIslamabad :bASAB - NUST, c2017. ag, 123 p. : ill. ;c30cm. 2ddccTHE aPlant Biotechnology MS-Thesis.928032 aDr. Muhammad Tahir.919262 00102ddc406660_010000000000000709495486aCLbCLcTHEd2020-01-26l0o660.01pCL-T-4836r2020-01-26w2020-01-26yTHE